| 000 | 00634nam a22002057a 4500 | ||
|---|---|---|---|
| 008 | 130301t xxu||||| |||| 00| 0 eng d | ||
| 020 | _a9-7814-0575-5825 | ||
| 082 |
_222 ed. _a346.086 BUT |
||
| 100 |
_aEdited by Barton.Andrew _96959 |
||
| 245 |
_aButterworth Insurance law Hand book / _cEdited by Andrew Barton |
||
| 250 | _a12 ed | ||
| 260 |
_aUSA : _bLexis Nexis _c2011 |
||
| 300 |
_axix, 3228 P. ; _c25 cm. |
||
| 500 | _aIncludes Index | ||
| 650 |
_aInsurance law _96960 |
||
| 650 |
_aInsurance _96961 |
||
| 650 |
_aButterworth Insurance law Hand book _96962 |
||
| 650 |
_aInsurance law Hand book _96963 |
||
| 942 |
_2ddc _cBK |
||
| 999 |
_c5286 _d5286 |
||